Top European Countries by Education Spending - Statistics

General Stats
  • This quiz has been taken 41 times
  • The average score is 17 of 20
Answer Stats
% Country % Correct
7.7% Denmark
100%
5.5% France
100%
7.6% Sweden
100%
5.4% United Kingdom
100%
5.5% Austria
97%
6.9% FInland
97%
8.0% Norway
97%
4.9% Portugal
97%
5.6% Netherlands
95%
5.0% Switzerland
95%
5.6% Czech Republic
89%
4.8% Germany
89%
7.4% Iceland
87%
6.5% Belgium
84%
5.2% Estonia
82%
4.8% Slovenia
82%
5.4% Malta
68%
5.3% Ukraine
63%
4.8% Belarus
61%
6.7% Moldova
39%
No matching quizzes found
Score Distribution
Percent of People with Each Score
Percentile by Number Answered
Your Score History
You have not taken this quiz